00658nam a2200193 a 450000100100000000500170001000800410002704000250006808200210009310000190011424501430013325000100027626000530028630000210033949000310036050000200039170000220041183000310043300004156220201002035635.0131011s1968 miu 000 0 spa d aDO-SdBNPbspacBNPHU axxxbB785v, 19681 aBowditch, John10aVoices of the industrial revolution :bSelected readings from the liberal ecocomists and their critics /cJohn Bowditch, Clement Ramsland. a6a ed aMichigan :bUniversity of Michigan Press,c1968. a187 p. ;c21 cm.1 aAnn Arbor paperbacksvAA53 asixth printing.12aRamsland, Clement 0aAnn Arbor paperbacksnAA53